|
|
|
|
| LEADER |
00000nam a22000007a 4500 |
| 005 |
20191024223111.0 |
| 007 |
cr|||| |||| |
| 008 |
191024s2019 es |||||s|||| 00||0 spa d |
| 020 |
|
|
|a 978-84-1324-406-8
|
| 035 |
|
|
|a 30614
|
| 040 |
|
|
|a vLex
|
| 090 |
|
|
|c 9957
|d 9957
|
| 100 |
1 |
|
|a Barber Cr̀camo, Roncesvalles
|
| 245 |
1 |
0 |
|a Una aproximacin̤ a la representacin̤ voluntaria desde sus lm̕ites institucionales
|h [Recurso electrn̤ico] /
|c Roncesvalles Barber Cr̀camo
|
| 256 |
|
|
|a Servicio en ln̕ea
|
| 260 |
|
|
|a Madrid:
|b Dykinson,
|c 2019
|
| 300 |
|
|
|a 1 recurso electrn̤ico
|
| 500 |
|
|
|a Este trabajo constituye una reflexin̤ sobre el papel que la autonoma̕ privada RONCESVALLES BARBER CℓRCAMO juega en la representacin̤ voluntaria y los lm̕ites institucionales que delimitan su actuacin̤. Desde esta perspectiva, ofrece una visin̤ renovada de los elementos ms̀ caracters̕ticos de la representacin̤ y de sus efectos, y trata de dar respuestas a las cuestiones ms̀ polm̌icas que la figura plantea en la prc̀tica jurd̕ica. As,̕ el m̀bito posible de la representacin̤ voluntaria, el problema de la autocontratacin̤ y su sancin̤, la irrevocabilidad del poder, la contemplativo domini y la extincin̤ del poder, con especial atencin̤ a la representacin̤ aparente, se abordan desde una doble clave: el respeto a la autonoma̕ del dominus y sus lm̕ites, expresin̤ de la proteccin̤ que el ordenamiento dispensa a los tres sujetos implicados en el negocio concluido en representacin̤. Esta doble clave se revela fructf̕era para la comprensin̤ y resolucin̤ de los conflictos planteados por la representacin̤ voluntaria, y constituye una aportacin̤ diferente, que se suma a la construccin̤ de la figura elaborada por la mejor doctrina civilista. No es una obra puramente descriptiva, sino autňticamente propositiva. De hecho, la autora sugiere normas para la regulacin̤ de la representacin̤ voluntaria en el Cd̤igo civil, pues los escasos preceptos que šte contiene demandan una revisin̤ profunda. Por ejemplo, parece claro que las modernas tendencias legislativas acogen la doctrina de la apariencia como fuente de representacin̤, y en coherencia con ello, acogen la inoponibilidad de la extincin̤ del poder, por cualquier causa, al tercero de buena fe.
|
| 506 |
1 |
|
|a Disponible solo en los productos indicados
|d vLex Global
|d vLex Global (Academic Edition, excluding Law Schools)
|d vLex Global (U.S. Academic Edition, Law Schools)
|d vLex Global (U.S. Academic Edition, excluding Law Schools)
|d vLex Global (Academic Edition, Law Schools)
|
| 650 |
0 |
4 |
|a Derecho Civil
|z Espaą
|
| 740 |
0 |
|
|a vLex Libros (Servicio en ln̕ea)
|
| 856 |
4 |
0 |
|u http://vlex.com/source/aproximacion-a-la-representacion-voluntaria-desde-sus-limites-institucionales-30614
|z Acceso restringido
|
| 942 |
|
|
|c BOOK
|
| 999 |
0 |
|
|a Civil Law
|